00425cam a22001697a 450000100090000000300040000900500170001300800410003001000170007104000130008805000240010108200150012510000200014024500390016026000360019930000200023512849325OSt20180904130221.0020710s2001 xxu 000 0 eng  a 2002284430 aDLCcDLC00aMLCS 2006/14280 (B) a269bR649S1 aRobertson, Pat.10aSteps to revival /cPat Robertson. a[S.l.] :bP. Robertson,cc2001. a30 p. ;c20 cm.